000 00889nam a2200229 a 4500
001 48011
003 BD-RjUL
005 20211209054436.0
008 160811r19921988ii |||| ||| 000 0 ben d
020 _c: TK. 20.00
035 _a(BD-RjUL)48130
040 _aBD-RjUL
_bben
_cBD-RjUL
_dBD-RjUL
041 _aben
082 _223
_a891.443
_bROD 1992
100 1 0 _aরায়, দেবেশ
_9126305
245 1 0 _aদেবেশ রায়ের ছোট গল্প /
_cদেবেশ রায়
260 _aকলকাতা :
_bপ্রতিক্ষণ পাবলিকেশন প্রাইভেট লিমিটেড,
_c১৯৮৮ [২য় মুদ্রণ ১৯৯২]
300 _a১৩১ পৃ. ;
_e২১ সেমি.
650 _aবাংলা ছোটগল্প
_9145612
650 _aBengali Short stories
_9145613
942 _2ddc
_cBK
999 _c48011
_d48011